| 000 | 00591cam a2200193 4500500 | ||
|---|---|---|---|
| 005 | 20260329003408.0 | ||
| 041 | _afre | ||
| 042 | _adc | ||
| 100 | 1 | 0 |
_aPersonne, Thomas _eauthor |
| 245 | 0 | 0 | _aL’Abécédaire de Gilles Deleuze |
| 260 | _c2015. | ||
| 500 | _a49 | ||
| 690 | _aAbécédaire | ||
| 690 | _aClaire Parnet | ||
| 690 | _aGilles Deleuze | ||
| 690 | _aPierre-André Boutang | ||
| 786 | 0 | _nPhilosophie magazine | 91 | 8 | 2015-07-01 | p. 70-70 | 1951-1787 | |
| 856 | 4 | 1 | _uhttps://shs.cairn.info/magazine-philosophie-magazine-2015-8-page-70?lang=fr&redirect-ssocas=7080 |
| 999 |
_c1824223 _d1824223 |
||